• 首页
  • 本馆介绍
  • 公告通知
  • 最新文献
  • 馆藏检索
  • 电子资源
  • 读者导购
  • 参考咨询
  • 我的图书馆
  • 登录
  • 详细信息显示
  • 放入我的书架
  • 预约/预借图书
  • 作者相关作品
  • 分类相关作品
  • 丛书相关作品
  • 出版社相关作品

书目信息

  • 表格格式
  • 工作单格式
  • 卡片格式
题名:
新媒体艺术设计与中国传统文化的创新融合发展研究
    
 
作者: 马景凤 著
分册:  
出版信息: 北京   中国纺织出版社  2019
页数: 230页
开本: 24cm
丛书名:
单 册:
中图分类: J06-39 , K203 , J06
科图分类:
主题词: 多媒体技术--应用--艺术--设计--关系--中华文化--研究
电子资源:
ISBN: 978-7-5180-5589-0
000 00913nam0 2200241 450
001 2070447522
005 20201201193421.30
010    @a978-7-5180-5589-0@dCNY68.00
100    @a20190930d2019 em y0chiy50 ea
101 0  @achi
102    @aCN@b110000
105    @ay z 000yy
200 1  @a新媒体艺术设计与中国传统文化的创新融合发展研究@9xin mei ti yi shu she ji yu zhong guo chuan tong wen hua de chuang xin rong he fa zhan yan jiu@b专著@f马景凤著
210    @a北京@c中国纺织出版社@d2019
215    @a230页@d24cm
330    @a本书分六章,内容包括:新媒体艺术设计认识论、不同领域的新媒体艺术设计探索、新媒体艺术设计的文化思维方式分析、新媒体艺术设计与中国传统文化的创新等。
606 0  @a多媒体技术@x应用@x艺术@x设计@x关系@x中华文化@x研究
690    @aJ06-39@v5
690    @aK203@v5
690    @aJ06@v4
701  0 @a马景凤@9ma jing feng@4著
801  2 @aCN@b58marc.cn@c20191208
905    @aZUCC@dJ06@e28
    
    新媒体艺术设计与中国传统文化的创新融合发展研究/马景凤著.-北京:中国纺织出版社,2019
    230页;24cm
    
    
    ISBN 978-7-5180-5589-0:CNY68.00
    本书分六章,内容包括:新媒体艺术设计认识论、不同领域的新媒体艺术设计探索、新媒体艺术设计的文化思维方式分析、新媒体艺术设计与中国传统文化的创新等。
●
相关链接 在五车中查询图书 在当当中查询图书 在豆瓣中查询图书


正题名:新媒体艺术设计与中国传统文化的创新融合发展研究     索取号:J06/28         预约/预借

序号 登录号 条形码 馆藏地/架位号 状态 备注
1 2000874224   2000874224   第二书库/ [索取号:J06/28] 在馆    
2 2000874225   2000874225   第二书库/ [索取号:J06/28] 在馆    
3 2000874226   2000874226   第二书库/ [索取号:J06/28] 在馆    
山东省滨州职业学院图书馆 欢迎您!
大连网信软件有限公司© 版权所有